| 000 | 00491nam a22001577a 4500 | ||
|---|---|---|---|
| 003 | OSt | ||
| 005 | 20150915091429.0 | ||
| 008 | 150915b xxu||||| |||| 00| 0 eng d | ||
| 040 | _cRUA | ||
| 082 | _aAGR DOR 1999 B024 Or.1 | ||
| 100 |
_9478 _aDORN, DARA. |
||
| 245 | _aContribution study on desert rose វិភាគទានការសិក្សាអំពី ផ្កាចំប៉ីសៀម | ||
| 260 |
_aPhnom Penh _bRUA _c1999 |
||
| 300 |
_a35p. _bill. _c29cm. |
||
| 942 |
_2ddc _cAGR |
||
| 999 |
_c458 _d458 |
||